| 000 | 00573nam a2200181Ia 4500 | ||
|---|---|---|---|
| 008 | 100920s9999 xx 000 0 und d | ||
| 082 |
_b61132 _a61 थ 61 |
||
| 100 | _aमाडगूळकर ग.दि. | ||
| 245 | _aचैत्रबन. | ||
| 260 |
_bदेशमुख आणि कंपनी ,पुणे. _c1961 |
||
| 300 |
_a336 _bसाधी |
||
| 365 | _b12 | ||
| 520 | _aस्थानिक वाचन. | ||
| 630 | _aचैत्रबन. | ||
| 650 | _aस्थानिक वाचन. | ||
| 730 | _aचैत्रबन. | ||
| 942 | _cBOOK | ||
| 999 |
_c704369 _d704366 |
||